Rozpočtový deficit a štátne pokladničné poukážky

Charakteristika štátnych pokladničných poukážok a ich úloha v procese dlhového financovania deficitu štátneho rozpočtu.

Salvato in:
Dettagli Bibliografici
Autore principale: Nináčová, Valéria
Natura: Capitolo di libro
Lingua:slovacco
Soggetti:
Tags: Aggiungi Tag
Nessun Tag, puoi essere il primo ad aggiungerne!!

MARC

LEADER 00000naa a2200000 4500
001 0191936
005 20220718123955.2
041 0 |a slo 
044 |a SK 
245 1 0 |a Rozpočtový deficit a štátne pokladničné poukážky  |c Valéria Nináčová 
520 |a Charakteristika štátnych pokladničných poukážok a ich úloha v procese dlhového financovania deficitu štátneho rozpočtu. 
610 2 0 |a deficit rozpočtový 
610 2 0 |a financie verejné 
610 2 0 |a manažment finančný 
610 2 0 |a poukážky 
610 2 0 |a sektor verejný 
100 1 |a Nináčová, Valéria